[Event "FRA-ch U14 Girls"]
[Site "Calvi"]
[Date "2005.04.21"]
[Round "6"]
[White "Nguyen, Angeline"]
[Black "Auguet, Astrid"]
[Result "1-0"]
[WhiteElo "1710"]
[BlackElo "1430"]
[PlyCount "49"]
[EventDate "2005.04.??"]
[EventType "swiss"]
[EventRounds "9"]
[EventCountry "FRA"]
[SourceTitle "EXT 2006"]
[Source "ChessBase"]
[SourceDate "2005.11.24"]
[SourceVersion "1"]
[SourceVersionDate "2005.11.24"]
[SourceQuality "1"]

1. e4 d5 2. exd5 Qxd5 3. Nf3 Nf6 4. d4 Bg4 5. Be2 Nc6 6. Be3 0-0-0 7. 0-0 Kb8 8. c4 Qf5 9. Nc3 e5 10. d5 e4 11. Nd4 Bxe2 12. Nxc6+ bxc6 13. Qb3+ Kc8 14. dxc6 Rd3 15. Qb7+ Kd8 16. Nxe2 a5 17. Nd4 Qc5 18. Rad1 Ng4 19. g3 Qh5 20. Qb8+ Ke7 21. Qxc7+ Kf6 22. Qf4+ Kg6 23. Qxe4+ f5 24. Qe8+ Kf6 25. Qe6# 1-0